|
|
|
|
| LEADER |
00744cam a2200217 7i4500 |
| 001 |
0000007575 |
| 005 |
20191025090000.0 |
| 020 |
|
|
|a 0074637363 (pbk.)
|
| 020 |
|
|
|a 9780070423305
|
| 090 |
0 |
0 |
|a TK7874
|b .M55 1999
|
| 100 |
1 |
|
|a Millman, Jacob
|
| 245 |
1 |
0 |
|a Microelectronics
|c Jacob Millman, Arvin Grabel.
|
| 260 |
|
|
|a New Delhi:
|b Tata McGraw-Hill Pub. Co. Ltd.,
|c 1999.
|
| 300 |
|
|
|a xx, 1000 p.:
|b ill.;
|c 24 cm.
|
| 490 |
0 |
|
|a McGraw-Hill series in electrical engineering
|
| 650 |
0 |
0 |
|a Microelectronics
|
| 650 |
0 |
0 |
|a Electronic circuit design
|
| 650 |
0 |
0 |
|a Integrated circuits
|
| 700 |
1 |
|
|a Grabel, Arvin
|
| 997 |
|
|
|a Engineering & Life Sciences, Faculty
|b Engineering, Department
|
| 999 |
|
|
|a 0000007777
|b BOK
|c OPEN SHELF
|e 2nd Floor, Bestari Jaya
|